Statistics for Coastal Subdivisions of Mainland Europe - Map Quiz

Click here to take the quiz!

General Stats

  • This quiz has been taken 102 times
  • The average score is 81 of 142

Answers on the Map

Answers color-coded by a green-red scale on the quiz's map according to % correct below.
Loading ...
 

Answer Stats

Answer% Correct
Galicia
91%
Brittany
90%
Karelia
90%
Basque Country
88%
Catalonia
88%
Crimea
88%
Normandy
88%
Hauts-de-France
86%
Kaliningrad
86%
Arkhangelsk
86%
Gibraltar
86%
Flanders
84%
Andalusia
84%
Valencian Community
83%
Provence-Alps-Côte d'Azur
83%
Saint Petersburg
83%
Lazio
83%
Oslo
81%
Pays de la Loire
81%
Sevastopol
81%
Murmansk
81%
Tuscany
81%
Leningrad
79%
Nouvelle-Aquitaine
79%
Federation of Bosnia and Herzegovina
79%
Eastern Macedonia and Thrace
79%
Lapland
78%
Asturias
78%
Stockholm
78%
North Holland
78%
Friuli-Venezia Giulia
78%
Murcia
78%
Lower Saxony
76%
Occitanie
76%
Central Macedonia
74%
South Holland
74%
Calabria
74%
Bremen
74%
Veneto
74%
Emilia-Romagna
74%
Lisbon
72%
Schleswig-Holstein
72%
Liguria
72%
Odessa
72%
Peloponnese
71%
Rostov
71%
Campania
71%
Krasnodar
69%
Mecklenburg-Vorpommern
69%
Western Greece
69%
Central Greece
69%
Istanbul
69%
Zeeland
69%
Faro
67%
Friesland
67%
Cantabria
66%
Istria
66%
Attica
66%
Mount Athos
66%
Nenets
66%
Southwest Finland
66%
Midtjylland
66%
Nordjylland
66%
Donetsk
62%
Split-Dalmatia
62%
Uppsala
62%
Marche
62%
Apulia
62%
Basilicata
62%
Syddanmark
59%
Klaipeda
59%
Groningen
57%
Troms og Finnmark
57%
Dubrovnik-Neretva
57%
Abruzzo
57%
Porto
57%
Pomeranian
57%
Skåne
53%
West Pomeranian
52%
Molise
52%
North Ostrobothnia
52%
Trøndelag
50%
Thessaly
50%
Constanța
48%
Epirus
48%
Ostrobothnia
47%
Gävleborg
47%
Central Ostrobothnia
47%
Varna
47%
Uusimaa
47%
Norrbotten
45%
Coimbra
45%
Kalmar
45%
Warmian-Masurian
45%
Tirana
43%
Setúbal
43%
Östergötland
43%
Kymenlaakso
41%
Nordland
41%
Pärnu
41%
Zaporizhia
40%
Blekinge
40%
Møre og Romsdal
38%
Västra Götaland
38%
Edirne
38%
Burgas
38%
Çanakkale
38%
Zadar
36%
Södermanland
36%
Viken
36%
Västernorrland
36%
Västerbotten
36%
Beja
36%
Agder
34%
Durrës
34%
Vestfold og Telemark
34%
Satakunta
34%
Kherson
34%
Primorje-Gorski Kotar
33%
Halland
33%
Shkodër
33%
Mykolaiv
33%
Ida-Viru
33%
Tulcea
31%
Lika-Senj
31%
Aveiro
31%
Vestland
31%
Santarém
29%
Tekirdağ
29%
Rogaland
29%
Lääne-Viru
29%
Vlorë
28%
Viana do Castelo
28%
Braga
28%
Lääne
28%
Fier
26%
Dobrich
24%
Harju
24%
Kırklareli
22%
Šibenik-Knin
22%
Leiria
22%
Lezhë
22%

Score Distribution

Percentile by Number Answered

Percent of People with Each Score

Your Score History

You have not taken this quiz